000 00846nam a2200265Ia 4500
003 OSt
005 20221005110541.0
006 a|||||r|||| 00| 0
007 ta
008 221004b |||||||| |||| 00| 0 hin d
024 _a32474
037 _cTextual
040 _aCRL
_cCRL
_bhin
041 _2hin
_ahin
082 _aO152,1N11x, L2
100 _aअज्ञेय
245 0 _aबावरा अहेरी
246 _aBāvarā aherī
260 _aनई दिल्ली
_bभारतीय ज्ञानपीठ प्रकाशन भारत
_c1980
300 _a67पृ.
_ccm.
490 _aलोकोदय ग्रंथमाला; 323
650 _aहिन्दी कविता
942 _hO152,1N11x, L2
_cTEXL
_2cc
999 _c1019172
_d1019172